| 000 | 00570nam a2200181 i 4500 | ||
|---|---|---|---|
| 001 | 80811 | ||
| 003 | ES-MaACL | ||
| 005 | 20230906174314.0 | ||
| 007 | t| | ||
| 008 | 041029s1916 xxk ||||1| spa d | ||
| 100 | 1 |
_aHope, Anthony. _964157 |
|
| 245 | 1 | 1 |
_a¿Muchos amigos o un amo? _b: a España le toca considerarlo / _cpor Anthony Hope. |
| 260 |
_aParis ; _aEdimburgo ... [etc.] : _bThomas Nelson & Sons, _c[191-] |
||
| 300 |
_a13 p. ; _c18 cm. |
||
| 650 | 4 |
_aGuerra mundial, 1914-1918- _zEspaña. _9147989 |
|
| 852 |
_aES-MaACL _j1546-F-4 |
||
| 852 | 1 |
_aBA _j1579-F-18 |
|
| 999 |
_c80811 _d80811 |
||